| 000 | 01686nam a2200325 a 4500 | ||
|---|---|---|---|
| 001 | 000246521 | ||
| 003 | AM-YEHGA | ||
| 005 | 20250618071646.0 | ||
| 008 | 030714s1984 ai |||||r|||||||||0|arm|d | ||
| 020 | _a5808005175 | ||
| 020 | _a978-9939-897-19-6 | ||
| 040 | _aAM-YeHGA | ||
| 041 | 0 | _aarm | |
| 100 | 1 |
_aՂուկաս Կարնեցի, _d1723-1799 _96368 |
|
| 245 | 1 | 0 |
_a[Բնագրեր] / _cՂուկաս Կարնեցի ; Աշխատասիր.՝ Վ. Գրիգորյան ; Մատենադարան Մաշտոցի անվ. հին ձեռագր. ին-տ. |
| 260 |
_aԵրևան : _bՀՍՍՀ ԳԱ հրատ., _c1984. |
||
| 300 | _aհատոր | ||
| 440 | 0 |
_aԴիվան հայոց պատմության _vՆոր շարք |
|
| 504 | _aՄատենագիտ. տողատ. ծանոթ. | ||
| 505 | 0 | 0 |
_gԳ. 1, Հ. Ա. (1984, 596 էջ) : _t1780-1785 _gԳ. 1, Հ. Բ. (Գիտություն, 2003, 803 էջ) : _t1786-1792 |
| 505 | 0 | 0 |
_gԳ. 1, Հ. Գ. (2023, 736 էջ) : _t1793-1799 _rԱշխատասիրութ.՝ Վարդան Գրիգորյանի, Արսեն Հարությունյանի: Խմբագ.՝ Գևորգ Տեր-Վարդանյանի: |
| 520 | 3 | _aԸնծայագրով | |
| 650 | 1 | 4 |
_aՀայ եկեղեցու գործիչներ _94735 |
| 700 | 1 |
_aԳրիգորյան, Վարդան Ռուբենի, _d1929-2019 _eաշխատասիր. _4com _91666 |
|
| 700 | 1 |
_aՀարությունյան, Արսեն Էդուարդի _eաշխատասիր. _4com |
|
| 700 | 1 |
_aՏեր-Վարդանյան, Գևորգ Հմայակի, _eխմբագիր _4edt. _d1951-2023 |
|
| 710 | 2 |
_aՄատենադարան Մաշտոցի անվան հին ձեռագրերի ինստիտուտ _95865 |
|
| 942 |
_2udc _cBK |
||
| 090 | _c89267 | ||
| 999 |
_c87982 _d87982 |
||